[Event "Maastricht Limburg op-A 7th"]
[Site "Maastricht"]
[Date "2013.05.17"]
[Round "1"]
[White "Rezasade, Amir"]
[Black "Kirkebo, Carl Peter"]
[Result "0-1"]
[WhiteElo "2342"]
[BlackElo "2195"]
[PlyCount "54"]
[EventDate "2013.05.17"]
[EventType "swiss"]
[EventRounds "7"]
[EventCountry "NED"]
[SourceTitle "EXT 2014"]
[Source "ChessBase"]
[SourceDate "2013.11.20"]
[SourceVersion "1"]
[SourceVersionDate "2013.11.20"]
[SourceQuality "1"]

1. Nf3 g6 2. g3 Bg7 3. d4 Nf6 4. Bg2 d5 5. c4 dxc4 6. Na3 c5 7. Qa4+ Bd7 8. Qxc4 cxd4 9. Nxd4 Qb6 10. 0-0 0-0 11. Rd1 Ng4 12. e3 Ne5 13. Qb3 Nbc6 14. Qxb6 axb6 15. Nab5 Rfd8 16. Bd2 Bg4 17. Rdb1 Nxd4 18. Nxd4 Nc6 19. Nb3 Bf5 20. e4 Be6 21. Bc3 Bxc3 22. bxc3 Rd3 23. Nd4 Nxd4 24. cxd4 Rxd4 25. Rxb6 Rxa2 26. Rxa2 Rd1+ 27. Bf1 Bh3 0-1

[Event "Maastricht Limburg op-A 6th"]
[Site "Maastricht"]
[Date "2012.05.28"]
[Round "6.5"]
[White "Fier, Alexandr"]
[Black "Kirkebo, Carl Peter"]
[Result "1-0"]
[WhiteElo "2596"]
[BlackElo "2176"]
[PlyCount "93"]
[EventDate "2012.05.25"]
[EventType "swiss"]
[EventRounds "7"]
[EventCountry "NED"]
[SourceTitle "CBM 148 Extra"]
[Source "ChessBase"]
[SourceDate "2012.06.22"]
[SourceVersion "1"]
[SourceVersionDate "2012.06.22"]
[SourceQuality "1"]

1. d4 d5 2. c4 e6 3. Nf3 Nf6 4. Nc3 Be7 5. Bf4 0-0 6. e3 Nbd7 7. cxd5 Nxd5 8. Nxd5 exd5 9. Bd3 c5 10. 0-0 c4 11. Bc2 b5 12. e4 Nf6 13. e5 Nh5 14. Be3 g6 15. b3 a5 16. Ne1 f5 17. exf6 Bxf6 18. g4 Ng7 19. f4 Ra7 20. Ng2 Qb6 21. bxc4 dxc4 22. d5 Qa6 23. Rb1 Rd7 24. f5 gxf5 25. gxf5 Re8 26. Qf3 Bb7 27. Rbd1 Qd6 28. Nf4 Qa3 29. Bd4 Bxd4+ 30. Rxd4 Qc5 31. Qf2 Rf8 32. h4 Rdf7 33. Kh2 Nxf5 34. Bxf5 Rxf5 35. Qg3+ Kh8 36. Ne6 Qxd4 37. Rxf5 Qb2+ 38. Kh3 Re8 39. Qf3 Rg8 40. Rf8 h6 41. Rxg8+ Kxg8 42. Qf8+ Kh7 43. Qe7+ Kg8 44. Qd8+ Kh7 45. Qc7+ Kg6 46. h5+ Kf5 47. Qf4# 1-0

[Event "Maastricht Limburg op-A 4th"]
[Site "Maastricht"]
[Date "2010.05.22"]
[Round "3"]
[White "Schuh, Dirk"]
[Black "Kirkebo, Carl Peter"]
[Result "1-0"]
[WhiteElo "2344"]
[BlackElo "2159"]
[PlyCount "85"]
[EventDate "2010.05.21"]
[EventType "swiss"]
[EventRounds "7"]
[EventCountry "NED"]
[SourceTitle "CBM 136 Extra"]
[Source "ChessBase"]
[SourceDate "2010.07.02"]
[SourceVersion "2"]
[SourceVersionDate "2010.07.15"]
[SourceQuality "1"]

1. e4 Nf6 2. e5 Nd5 3. d4 d6 4. c4 Nb6 5. exd6 exd6 6. Nc3 Be7 7. Bd3 Nc6 8. Nge2 0-0 9. b3 Re8 10. 0-0 Bg4 11. f3 Bh5 12. Be3 Nb4 13. Bb1 c6 14. Qd2 d5 15. c5 Nd7 16. a3 Na6 17. Nf4 Bg5 18. Re1 Bxf4 19. Bxf4 Rxe1+ 20. Qxe1 Nc7 21. Bf5 Bg6 22. Bh3 Nf8 23. Be3 Qf6 24. Qd2 Nfe6 25. f4 h5 26. f5 Bxf5 27. Rf1 g6 28. Ne2 Ng7 29. Ng3 Re8 30. Bg5 Qe6 31. Nxf5 gxf5 32. Bf4 Rc8 33. Re1 Qg6 34. Re3 h4 35. Re7 Nge6 36. Be5 Ng5 37. Qd3 Nce6 38. Bxf5 Qh6 39. h3 b6 40. Qe3 bxc5 41. Bxe6 cxd4 42. Bxd4 fxe6 43. Rg7+ 1-0

[Event "Maastricht Limburg op-A 4th"]
[Site "Maastricht"]
[Date "2010.05.21"]
[Round "1"]
[White "Schut, Lisa"]
[Black "Kirkebo, Carl Peter"]
[Result "1-0"]
[WhiteElo "2267"]
[BlackElo "2159"]
[PlyCount "63"]
[EventDate "2010.05.21"]
[EventType "swiss"]
[EventRounds "7"]
[EventCountry "NED"]
[SourceTitle "CBM 136 Extra"]
[Source "ChessBase"]
[SourceDate "2010.07.02"]
[SourceVersion "2"]
[SourceVersionDate "2010.07.15"]
[SourceQuality "1"]

1. e4 Nf6 2. e5 Nd5 3. d4 d6 4. c4 Nb6 5. exd6 exd6 6. Nc3 Be7 7. h3 Nc6 8. Nf3 0-0 9. Bd3 Re8 10. 0-0 d5 11. c5 Nc4 12. b3 N4a5 13. Bf4 a6 14. Re1 Be6 15. a3 Bf6 16. Bf1 Nxd4 17. Nxd4 Bxd4 18. Qxd4 Nxb3 19. Qb4 Nxa1 20. Rxa1 Qf6 21. Bxc7 Rac8 22. Bd6 b5 23. Rd1 Qf5 24. a4 a5 25. Qxb5 Qc2 26. Qxa5 d4 27. Rxd4 Bb3 28. Nd5 Ra8 29. Ne7+ Kh8 30. Qe1 Bxa4 31. Bd3 Qb3 32. Qe4 1-0

[Event "NOR-chT 0910"]
[Site "Norway"]
[Date "2009.11.08"]
[Round "3"]
[White "Kirkebo, Carl Peter"]
[Black "Skrondal, Inge Sandstad"]
[Result "1/2-1/2"]
[WhiteElo "2161"]
[BlackElo "2238"]
[PlyCount "26"]
[EventDate "2009.11.06"]
[EventType "team"]
[EventRounds "9"]
[EventCountry "NOR"]
[SourceTitle "EXT 2011"]
[Source "ChessBase"]
[SourceDate "2010.11.26"]
[SourceVersion "1"]
[SourceVersionDate "2010.11.26"]
[SourceQuality "1"]
[WhiteTeam "Oslo Vest"]
[BlackTeam "Oslo Akademisk"]
[WhiteTeamCountry "NOR"]
[BlackTeamCountry "NOR"]

1. e4 c5 2. Nc3 g6 3. f4 Bg7 4. Nf3 Nc6 5. Bb5 Nd4 6. 0-0 Nxb5 7. Nxb5 d5 8. e5 b6 9. d4 c4 10. a4 Bg4 11. h3 Bxf3 12. Qxf3 a6 13. Nc3 e6 1/2-1/2

[Event "NOR-chT 0910"]
[Site "Norway"]
[Date "2009.11.07"]
[Round "2"]
[White "Kirkebo, Carl Peter"]
[Black "Bentsen, Hakon"]
[Result "1/2-1/2"]
[WhiteElo "2161"]
[BlackElo "2160"]
[PlyCount "66"]
[EventDate "2009.11.06"]
[EventType "team"]
[EventRounds "9"]
[EventCountry "NOR"]
[SourceTitle "EXT 2011"]
[Source "ChessBase"]
[SourceDate "2010.11.26"]
[SourceVersion "1"]
[SourceVersionDate "2010.11.26"]
[SourceQuality "1"]
[WhiteTeam "Oslo Vest"]
[BlackTeam "Porsbrunn"]
[WhiteTeamCountry "NOR"]
[BlackTeamCountry "NOR"]

1. c4 e6 2. Nc3 Nf6 3. d4 d5 4. Bg5 dxc4 5. e4 a6 6. e5 h6 7. Bh4 g5 8. Bg3 Nd5 9. Bxc4 Bb4 10. Rc1 c5 11. a3 Bxc3+ 12. bxc3 b5 13. Be2 c4 14. h4 Rf8 15. hxg5 hxg5 16. Qd2 Qa5 17. Qxg5 Qxa3 18. Bf3 Nc6 19. Ne2 Bb7 20. Bxd5 exd5 21. e6 Nd8 22. exf7+ Nxf7 23. Qf5 Qe7 24. 0-0 Nd6 25. Qg6+ Kd7 26. Nf4 Qf6 27. Rfe1 Ne4 28. Qg4+ Qf5 29. Qg7+ Rf7 30. Qh6 Rf6 31. Qh7+ Rf7 32. Qh6 Rf6 33. Qh7+ Rf7 1/2-1/2

[Event "Maastricht Limburg op 3rd"]
[Site "Maastricht"]
[Date "2009.05.31"]
[Round "4"]
[White "Kirkebo, Carl Peter"]
[Black "Pedersen, Nicolai Vesterbaek"]
[Result "0-1"]
[WhiteElo "2158"]
[BlackElo "2417"]
[PlyCount "62"]
[EventDate "2009.05.29"]
[EventType "swiss"]
[EventRounds "7"]
[EventCountry "NED"]
[SourceTitle "CBM 130 Extra"]
[Source "ChessBase"]
[SourceDate "2009.07.02"]
[SourceVersion "2"]
[SourceVersionDate "2009.07.15"]
[SourceQuality "1"]

1. e4 e5 2. Nf3 Nc6 3. Bb5 a6 4. Ba4 Nf6 5. 0-0 Be7 6. Re1 b5 7. Bb3 d6 8. c3 0-0 9. d4 Bg4 10. Be3 exd4 11. cxd4 d5 12. e5 Ne4 13. Nc3 Nxc3 14. bxc3 Qd7 15. Bf4 Nd8 16. Qd3 Bf5 17. Qe3 Ne6 18. h3 Bg6 19. Bg3 c5 20. dxc5 Nxc5 21. Rad1 Nxb3 22. axb3 Bc2 23. Rd2 Bxb3 24. Nd4 Bc4 25. e6 fxe6 26. Nxe6 Rf7 27. Nc7 Rc8 28. Nxa6 Qf5 29. Qe5 Qg6 30. Nc7 Bg5 31. Rdd1 Rfxc7 0-1

[Event "Maastricht Limburg op 3rd"]
[Site "Maastricht"]
[Date "2009.05.30"]
[Round "3"]
[White "Schaeken, Yordi"]
[Black "Kirkebo, Carl Peter"]
[Result "0-1"]
[WhiteElo "2006"]
[BlackElo "2158"]
[PlyCount "64"]
[EventDate "2009.05.29"]
[EventType "swiss"]
[EventRounds "7"]
[EventCountry "NED"]
[SourceTitle "CBM 130 Extra"]
[Source "ChessBase"]
[SourceDate "2009.07.02"]
[SourceVersion "2"]
[SourceVersionDate "2009.07.15"]
[SourceQuality "1"]

1. d4 Nf6 2. c4 g6 3. Nc3 d5 4. Nf3 Bg7 5. Qb3 dxc4 6. Qxc4 0-0 7. e4 Bg4 8. Be3 Nfd7 9. Qb3 Nb6 10. Be2 Nc6 11. d5 Bxf3 12. gxf3 Nd4 13. Bxd4 Bxd4 14. Rd1 Be5 15. h4 Qd6 16. h5 a5 17. Kf1 Qf6 18. hxg6 hxg6 19. Rd3 Nd7 20. Na4 b6 21. Qb5 Rfd8 22. Rd2 Kg7 23. Rc2 Bd6 24. Qd3 Rh8 25. Rg1 Rh3 26. Qc3 Ne5 27. Rg3 Rh1+ 28. Rg1 Rah8 29. Bd1 Rxg1+ 30. Kxg1 Qg5+ 31. Kf1 Rh1+ 32. Ke2 Bb4 0-1

[Event "Maastricht Limburg op 3rd"]
[Site "Maastricht"]
[Date "2009.05.29"]
[Round "1"]
[White "Tate, Emory"]
[Black "Kirkebo, Carl Peter"]
[Result "1-0"]
[WhiteElo "2325"]
[BlackElo "2158"]
[PlyCount "45"]
[EventDate "2009.05.29"]
[EventType "swiss"]
[EventRounds "7"]
[EventCountry "NED"]
[SourceTitle "CBM 130 Extra"]
[Source "ChessBase"]
[SourceDate "2009.07.02"]
[SourceVersion "2"]
[SourceVersionDate "2009.07.15"]
[SourceQuality "1"]

1. e4 c5 2. Nc3 e6 3. Nf3 a6 4. d4 cxd4 5. Nxd4 Qc7 6. f4 b5 7. Bd3 Bb7 8. Qf3 Nf6 9. g4 b4 10. Nce2 d5 11. e5 Ne4 12. Ng3 Nc6 13. Be3 Bc5 14. Nxc6 Qxc6 15. 0-0-0 0-0 16. Bxc5 Nxc5 17. Kb1 f6 18. exf6 Rxf6 19. g5 Rff8 20. Bxh7+ Kxh7 21. Qh5+ Kg8 22. g6 Rfe8 23. Rhe1 1-0

[Event "NOR-chT 0607"]
[Site "Oslo"]
[Date "2007.01.13"]
[Round "5"]
[White "Moen, Ole Christian"]
[Black "Kirkebo, Carl Peter"]
[Result "1-0"]
[WhiteElo "2231"]
[BlackElo "2181"]
[PlyCount "65"]
[EventDate "2006.11.10"]
[EventType "team"]
[EventRounds "9"]
[EventCountry "NOR"]
[SourceTitle "EXT 2008"]
[Source "ChessBase"]
[SourceDate "2007.11.25"]
[SourceVersion "1"]
[SourceVersionDate "2007.11.25"]
[SourceQuality "1"]

1. d4 Nf6 2. c4 g6 3. Nc3 d5 4. Nf3 Bg7 5. Bf4 0-0 6. Rc1 dxc4 7. e3 Be6 8. Ng5 Bd5 9. e4 h6 10. exd5 hxg5 11. Bxg5 Nxd5 12. Bxc4 Nb6 13. Bb3 Qxd4 14. Qxd4 Bxd4 15. Nb5 Bxb2 16. Rc2 Be5 17. Nxc7 Nc6 18. Nxa8 Rxa8 19. Be3 Nb4 20. Re2 Nd3+ 21. Kf1 Rc8 22. g3 Nc1 23. Bxc1 Rxc1+ 24. Kg2 Rxh1 25. Rxe5 Rb1 26. Rxe7 a5 27. Rxb7 Nc4 28. Rc7 Ne5 29. Re7 Nc6 30. Bxf7+ Kf8 31. Rc7 Nb4 32. Bxg6 Rb2 33. a3 1-0

[Event "NOR-chT2"]
[Site "Oslo"]
[Date "2006.06.09"]
[Round "3"]
[White "Urkedal, Frode Olav Olsen"]
[Black "Kirkebo, Carl Peter"]
[Result "1/2-1/2"]
[WhiteElo "2070"]
[BlackElo "2206"]
[PlyCount "61"]
[EventDate "2006.06.07"]
[EventType "team"]
[EventRounds "5"]
[EventCountry "NOR"]
[SourceTitle "CBM 112 Extra"]
[Source "ChessBase"]
[SourceDate "2006.07.14"]
[SourceVersion "1"]
[SourceVersionDate "2006.07.14"]
[SourceQuality "1"]

1. d4 Nf6 2. Bg5 d5 3. Bxf6 exf6 4. e3 c6 5. c4 Be6 6. cxd5 Bxd5 7. Nc3 Qa5 8. a3 f5 9. Nf3 g6 10. Be2 Bg7 11. b4 Qd8 12. 0-0 0-0 13. Nxd5 Qxd5 14. Qc2 Nd7 15. Rfd1 Nb6 16. Rac1 Rfe8 17. g3 Bf8 18. Nd2 a5 19. Nc4 Nxc4 20. Bxc4 Qd7 21. d5 axb4 22. dxc6 Qxc6 23. Qb3 Qf6 24. axb4 Red8 25. Bd5 Rd7 26. Rd4 Rad8 27. Rcd1 Kg7 28. Qc4 Qb6 29. Bxf7 Rxd4 30. exd4 Qxb4 31. Qxb4 1/2-1/2

[Event "Malaga op 7th"]
[Site "Campillos"]
[Date "2004.02.23"]
[Round "4"]
[White "Ivanov, Jordan"]
[Black "Kirkebo, Carl Peter"]
[Result "1-0"]
[WhiteElo "2406"]
[BlackElo "2199"]
[PlyCount "105"]
[EventDate "2004.02.21"]
[EventType "swiss"]
[EventRounds "9"]
[EventCountry "ESP"]
[SourceTitle "CBM 098 Extra"]
[Source "ChessBase"]
[SourceDate "2004.03.10"]
[SourceVersion "2"]
[SourceVersionDate "2004.03.10"]
[SourceQuality "1"]

1. d4 Nf6 2. c4 c5 3. d5 e6 4. Nc3 exd5 5. cxd5 d6 6. e4 g6 7. h3 Bg7 8. Nf3 0-0 9. Bd3 Nh5 10. 0-0 Nd7 11. Re1 Re8 12. Bg5 Bf6 13. Be3 Ne5 14. Be2 Nxf3+ 15. Bxf3 Ng7 16. Qd2 a6 17. a3 b6 18. Rab1 Ra7 19. b4 Be5 20. Na4 f5 21. bxc5 bxc5 22. Nb6 fxe4 23. Bxe4 Bf5 24. Bxf5 Nxf5 25. Bg5 Qc7 26. Nc4 Qf7 27. Rb3 Bg7 28. Rxe8+ Qxe8 29. Rb6 Qe4 30. Nxd6 Nxd6 31. Rxd6 Qb1+ 32. Qc1 Qxc1+ 33. Bxc1 Be5 34. Rd8+ Kf7 35. Be3 Rb7 36. Kf1 c4 37. Rc8 c3 38. Ke2 Ke7 39. Kd3 Rb3 40. a4 Kd7 41. Rc6 a5 42. Rc5 Rb1 43. Rxa5 Rd1+ 44. Kc2 Rg1 45. g4 Kd6 46. Ra6+ Kd7 47. Bc5 Ra1 48. Ra7+ Kc8 49. Be3 Ra2+ 50. Kd3 Kb8 51. Ra6 Kb7 52. Re6 Bb8 53. Kxc3 1-0

[Event "Oslo OSS IM"]
[Site "Oslo"]
[Date "2003.04.05"]
[Round "4"]
[White "Trygstad, Kristian J"]
[Black "Kirkebo, Carl Peter"]
[Result "1/2-1/2"]
[WhiteElo "2320"]
[BlackElo "2117"]
[PlyCount "65"]
[EventDate "2003.04.03"]
[EventType "tourn"]
[EventRounds "9"]
[EventCountry "NOR"]
[EventCategory "2"]
[SourceTitle "EXT 2004"]
[Source "ChessBase"]
[SourceDate "2003.11.25"]
[SourceVersion "1"]
[SourceVersionDate "2003.11.25"]
[SourceQuality "1"]

1. e4 c5 2. Nf3 Nc6 3. d4 cxd4 4. Nxd4 Nf6 5. Nc3 e5 6. Ndb5 d6 7. Bg5 a6 8. Na3 b5 9. Bxf6 gxf6 10. Nd5 Bg7 11. Bd3 Ne7 12. Nxe7 Qxe7 13. 0-0 0-0 14. c3 f5 15. Nc2 Rb8 16. Re1 f4 17. a4 Qg5 18. axb5 axb5 19. f3 d5 20. exd5 Rb6 21. Bf1 Rh6 22. d6 Rd8 23. Ra8 Rhxd6 24. Qe2 Rd2 25. Qe4 Bf5 26. Rxd8+ Rxd8 27. Qe2 Bxc2 28. Qxc2 Bf8 29. b4 Rc8 30. Qd3 Qh4 31. Rxe5 Bg7 32. Rxb5 Bxc3 33. Rc5 1/2-1/2

[Event "Oslo OSS IM"]
[Site "Oslo"]
[Date "2003.04.04"]
[Round "2"]
[White "Moen, Andreas"]
[Black "Kirkebo, Carl Peter"]
[Result "1-0"]
[WhiteElo "2259"]
[BlackElo "2117"]
[PlyCount "94"]
[EventDate "2003.04.03"]
[EventType "tourn"]
[EventRounds "9"]
[EventCountry "NOR"]
[EventCategory "2"]
[SourceTitle "EXT 2004"]
[Source "ChessBase"]
[SourceDate "2003.11.25"]
[SourceVersion "1"]
[SourceVersionDate "2003.11.25"]
[SourceQuality "1"]

1. d4 Nf6 2. c4 c5 3. d5 e6 4. Nc3 exd5 5. cxd5 d6 6. e4 g6 7. Bf4 Bg7 8. Nf3 0-0 9. Nd2 Ne8 10. Be2 Nd7 11. 0-0 Ne5 12. Bg3 g5 13. f4 gxf4 14. Bxf4 Bd7 15. Nc4 Nxc4 16. Bxc4 Rb8 17. a4 a6 18. Qe2 Qe7 19. Rae1 Be5 20. Kh1 Ng7 21. Bd3 Rbe8 22. Nd1 Bxa4 23. Ne3 Bd7 24. Bxe5 Qxe5 25. Nc4 Qe7 26. e5 dxe5 27. d6 Qh4 28. Nxe5 f6 29. Bc4+ Kh8 30. Nf3 Qf4 31. Qd3 b5 32. Ba2 c4 33. Qd5 Rxe1 34. Rxe1 Qf5 35. Qb7 Re8 36. Rg1 a5 37. Bb1 Qe6 38. Qb6 Qe3 39. Qc7 Qe6 40. h3 Rc8 41. Nd4 Rxc7 42. Nxe6 Rc6 43. Nd8 Rc8 44. Nb7 a4 45. Re1 Bc6 46. Re7 Bxb7 47. Rxb7 Kg8 1-0